000 00699nam a2200217Ii 4500
003 JO-AjNU
008 230605s9999||||xx |||||||||||||| ||und||
017 _a1993/7693
020 _a977-11-0822-0
040 _aJO-AjNU
_bara
_erda
_cJO-AjNU
041 _aara
050 1 4 _aPQ2635.O7.C912 1993
100 3 _aالمنفلوطي، مصطفى لطفي ,
_eauthor
_915594
245 0 0 _aالشاعر أو سيرانودي بيرجراك
264 3 1 _aالقاهرة: مكتبة مصر، 1993
300 _a198ص
336 _atext
_btxt
_2rdacontent
337 _aunmediated
_bn
_2rdamedia
338 _avolume
_bnc
_2rdacarrier
650 4 _aالأدب العربي - ترجمة - روايات
_915595
999 _aA4440
_c8008
_d8008